000 01221nac a22003497a 4500
001 BR8200654
003 BR-BrBNA
005 20240105115227.0
008 230509b bl.|||m| |||| 00| 0 por d
040 _aBR-BrBNA
_bpor
_cBiblioteca Nacional de Agricultura
072 _aH10
090 _a0230 BR8200654
100 1 _aGraca, P.R. da
110 1 _aDelegacia Federal de Agricultura em Alagoas, Maceio (Brasil)
_93076
245 1 _aBroca da cana de acucar [Saccharum officinarum; Diatraea saccharalis; Inseto; Inseticida; Controle biologico; Controle quimico]
246 1 _a[Sugarcane borer [Saccharum officinarum; Diatraea sacharalis; Insect; Biological control; Chemical control]]
260 3 _aMaceio, AL (Brasil):
_c1981.
300 _a15 p.
490 _aInforme SERDV - Delegacia Federal de Agricultura em Alagoas (Brazil)
_vv. 2(6)
_x
500 _a14 ref.
650 _aPraga de planta
650 _aCana de acucar
650 _aInseto
650 _aInseticida
650 _aBroca
650 _aPlanta hospedeira
650 _aParasito de planta
650 _aControle biologico
650 _aControle quimico
909 _a202312
_bLúcia Elande
_c55
_dLúcia Elande
942 _2AGRIS
_n0
_cMS
999 _c273758
_d273758